Tham số tự do với sự hội tụ của phương pháp toán tử FK = Free parameter in regulation of convergence rate of the FK operator method /
Đã lưu trong:
| 主要作者: | |
|---|---|
| 其他作者: | |
| 格式: | Bài viết |
| 語言: | Vietnamese |
| 標簽: |
添加標簽
沒有標簽, 成為第一個標記此記錄!
|
| Thư viện lưu trữ: | Thư viện Trường Đại học Đà Lạt |
|---|
| LEADER | 00880nam a2200229 4500 | ||
|---|---|---|---|
| 001 | DLU140163774 | ||
| 005 | ##20140908 | ||
| 040 | # | # | |a DLU |b vie |
| 041 | # | # | |a vie |
| 044 | # | # | |a vn |
| 100 | # | # | |a Hoàng Đỗ Ngọc Trầm. |
| 245 | # | # | |a Tham số tự do với sự hội tụ của phương pháp toán tử FK = |b Free parameter in regulation of convergence rate of the FK operator method / |c Hoàng Đỗ Ngọc Trầm, Lê Văn Hoàng. |
| 700 | # | # | |a Lê Văn Hoàng. |
| 773 | # | # | |t Tạp chí Khoa học Đại học Sư phạm TP. Hồ Chí Minh: Khoa học tự nhiên & công nghệ |g Số 33(67), 2012, tr. 94-106 |
| 920 | # | # | |a Phòng Tạp chí -- Trung tâm Thông tin - Thư viện Trường Đại học Đà Lạt |
| 900 | # | # | |a True |
| 911 | # | # | |a Hoàng Thị Huyền |
| 925 | # | # | |a G |
| 926 | # | # | |a A |
| 927 | # | # | |a BB |
| 980 | # | # | |a Thư viện Trường Đại học Đà Lạt |